[Event "Western Canadian op"]
[Site "Richmond CAN"]
[Date "2004.07.14"]
[Round "5.36"]
[White "Cheng, Lesley"]
[Black "Escandor, Manuel Omana"]
[Result "0-1"]
[WhiteElo "1426"]
[BlackElo "1736"]
[PlyCount "134"]
[GameId "2160767911095589"]
[EventDate "2004.07.09"]
[EventType "swiss"]
[EventRounds "10"]
[EventCountry "CAN"]

1. d4 Nf6 2. c4 d5 3. Nc3 Bg4 4. Qc2 e6 5. e3 Bb4 6. Bd2 Nc6 7. cxd5 exd5 8. Be2 Qd7 9. h3 Bf5 10. Bd3 Bxd3 11. Qxd3 O-O 12. Nf3 Bd6 13. O-O a6 14. a3 Rfe8 15. Rfe1 Ne4 16. Nxd5 Bg3 17. fxg3 Qxd5 18. g4 Rad8 19. Bc3 Qd6 20. Rf1 Re6 21. Be1 Rde8 22. Bf2 Ne7 23. Rfe1 Nd5 24. Re2 Nxf2 25. Kxf2 Nxe3 26. Rae1 Nd5 27. Re5 f6 28. R5e4 Nf4 29. Qb3 b5 30. g5 Nd5 31. Rxe6 Rxe6 32. Rxe6 Qxe6 33. gxf6 gxf6 34. Qd3 Nf4 35. Qd2 Qe4 36. b4 Nd3+ 37. Kf1 Kg7 38. Qe2 Qxe2+ 39. Kxe2 Nb2 40. Ne1 Kf7 41. d5 Ke7 42. Ke3 Nc4+ 43. Kd4 Nxa3 44. Nd3 Kd6 45. g4 Nc4 46. Nf4 a5 47. bxa5 Nxa5 48. Nd3 Nb3+ 49. Kc3 Nc5 50. Nf4 Nd7 51. Kb4 Nb6 52. Kxb5 Nxd5 53. Nh5 c6+ 54. Kc4 Nb6+ 55. Kc3 Nd7 56. Kd4 c5+ 57. Ke4 Ke6 58. Nf4+ Kd6 59. Nh5 Kc6 60. Nf4 Kb5 61. Nd5 Kc4 62. Ne3+ Kc3 63. Nd5+ Kd2 64. Kf5 c4 65. Ke6 Nf8+ 66. Kxf6 Ng6 67. Kf5 Ne7+ 0-1

[Event "Western Canadian op"]
[Site "Richmond CAN"]
[Date "2004.07.13"]
[Round "5.38"]
[White "Cameanii, Valerii"]
[Black "Gaulin, Richard"]
[Result "0-1"]
[WhiteElo "1717"]
[BlackElo "1556"]
[PlyCount "90"]
[GameId "2160767911095590"]
[EventDate "2004.07.09"]
[EventType "swiss"]
[EventRounds "10"]
[EventCountry "CAN"]

1. d4 Nf6 2. c4 e6 3. Nc3 d5 4. cxd5 exd5 5. Bg5 Nbd7 6. e3 c6 7. Qc2 Bd6 8. Bd3 h6 9. Bxf6 Nxf6 10. Nf3 Be6 11. O-O O-O 12. Rfe1 Re8 13. h3 Rc8 14. Rab1 Bb8 15. a3 c5 16. Rbd1 c4 17. Bf5 Qd7 18. Bxe6 Rxe6 19. Nd2 Rce8 20. Re2 Qd6 21. Nf3 a6 22. Ne5 b5 23. e4 Nxe4 24. Nf3 Ng5 25. Ne5 f6 26. Ng4 h5 27. Nxf6+ gxf6 28. Qg6+ Kf8 29. Qh6+ Ke7 30. Rxe6+ Qxe6 31. Kf1 Kd8 32. Qxh5 Bf4 33. h4 Bd2 34. Ne2 Ne4 35. f3 Nf2 36. Rxd2 Qe3 37. Qxd5+ Ke7 38. Qc5+ Kf7 39. Qh5+ Kg7 40. Rc2 Nd3 41. Qg4+ Kf7 42. Qg3 Rg8 43. Qc7+ Kg6 44. Nf4+ Nxf4 45. Rf2 Qc1# 0-1

[Event "Western Canadian op"]
[Site "Richmond CAN"]
[Date "2004.07.13"]
[Round "5.41"]
[White "Purewal, Jasbir"]
[Black "Fletcher, Christopher"]
[Result "0-1"]
[WhiteElo "1420"]
[BlackElo "1652"]
[PlyCount "88"]
[GameId "2160767911095591"]
[EventDate "2004.07.09"]
[EventType "swiss"]
[EventRounds "10"]
[EventCountry "CAN"]

1. e4 e6 2. d4 d5 3. Nd2 Nf6 4. e5 Nfd7 5. Ngf3 c5 6. c3 Nc6 7. Be2 Qb6 8. Nb3 c4 9. Nbd2 f6 10. exf6 Nxf6 11. O-O Qc7 12. b3 b5 13. b4 a6 14. a4 Rb8 15. Qc2 Bd6 16. Re1 O-O 17. Nf1 Ne4 18. Ng3 Nxc3 19. axb5 Nxb5 20. Bd2 Nbxd4 21. Nxd4 Nxd4 22. Qa2 Qf7 23. Be3 Nxe2+ 24. Qxe2 Bxb4 25. Reb1 Bd6 26. Rxb8 Bxb8 27. Bd4 Ba7 28. Qe5 Bxd4 29. Qxd4 Qf6 30. Qxf6 Rxf6 31. Kf1 g6 32. Ke2 e5 33. Ra5 Rd6 34. Rc5 Bf5 35. f3 h5 36. h4 Kf8 37. Kd2 Ke7 38. Rc7+ Bd7 39. Rc5 Ke6 40. Ne2 Rc6 41. Ra5 Rb6 42. Kc3 d4+ 43. Nxd4+ exd4+ 44. Kxd4 Bb5 0-1

[Event "Western Canadian op"]
[Site "Richmond CAN"]
[Date "2004.07.13"]
[Round "5.44"]
[White "Harper, Laura"]
[Black "Paulson, Stewart"]
[Result "1-0"]
[WhiteElo "1386"]
[BlackElo "1567"]
[PlyCount "103"]
[GameId "2160767911095592"]
[EventDate "2004.07.09"]
[EventType "swiss"]
[EventRounds "10"]
[EventCountry "CAN"]

1. g3 Nf6 2. d3 e5 3. Bg2 Bc5 4. Nf3 d6 5. O-O O-O 6. c4 Nbd7 7. Nc3 c6 8. Bd2 a6 9. Rb1 Re8 10. b4 Ba7 11. a4 e4 12. dxe4 Nxe4 13. b5 Nxd2 14. Nxd2 axb5 15. axb5 Ne5 16. Kh1 Bg4 17. f4 Nd3 18. Nde4 d5 19. Qxd3 dxe4 20. Bxe4 h5 21. bxc6 Qf6 22. cxb7 Rad8 23. Qc2 h4 24. Bf3 Bf5 25. e4 Bh3 26. Bg2 Be6 27. Nb5 Bb8 28. f5 Bd7 29. g4 Qe5 30. Bf3 Bc6 31. Rf2 Bxb7 32. Qb2 Qf4 33. Nc3 Bc6 34. Ne2 Qg5 35. Nd4 Qe7 36. Nxc6 Qc7 37. Nxd8 Rxd8 38. f6 g5 39. Rd1 Rf8 40. Rd5 Rd8 41. Rxg5+ Kf8 42. Qb4+ Qd6 43. Qxd6+ Bxd6 44. Rc2 Bb4 45. c5 h3 46. c6 Ba5 47. c7 Rc8 48. Rxa5 Ke8 49. g5 Kf8 50. Bg4 Re8 51. c8=Q Rxc8 52. Rxc8# 1-0

[Event "Western Canadian op"]
[Site "Richmond CAN"]
[Date "2004.07.14"]
[Round "6"]
[White "Awasis, Virgil"]
[Black "Brodie, Hugh"]
[Result "0-1"]
[WhiteElo "1645"]
[BlackElo "1900"]
[PlyCount "82"]
[GameId "2160767911095593"]
[EventDate "2004.07.09"]
[EventType "swiss"]
[EventRounds "10"]
[EventCountry "CAN"]
[SourceTitle "EXT 2006"]
[Source "ChessBase"]
[SourceDate "2005.11.24"]
[SourceVersion "1"]
[SourceVersionDate "2005.11.24"]
[SourceQuality "1"]

1. Nf3 f5 2. d4 e6 3. Bf4 b6 4. e3 Nf6 5. h3 Bb7 6. Bd3 Ne4 7. O-O Be7 8. Nbd2 O-O 9. Re1 d6 10. c4 Qe8 11. Rc1 Qg6 12. Nf1 Nd7 13. b4 c5 14. a3 Rfd8 15. Be2 Bc6 16. Qb3 Bf6 17. d5 exd5 18. cxd5 Bb7 19. Ng3 Be7 20. Bb5 Qf7 21. Red1 a6 22. Bd3 Bxd5 23. Bc4 Bxc4 24. Rxc4 b5 25. Rc3 c4 26. Qb2 Nxc3 27. Qxc3 Nb6 28. Nd4 Nd5 29. Qc2 Nxf4 30. exf4 g6 31. Re1 Bf6 32. Ndxf5 gxf5 33. Nxf5 Kf8 34. Re3 d5 35. Rg3 d4 36. Qe4 Qd5 37. Qxd5 Rxd5 38. Nh6 Bg7 39. Ng4 Re8 40. Rf3 d3 41. Ne3 d2 0-1

[Event "Western Canadian op"]
[Site "Richmond CAN"]
[Date "2004.07.14"]
[Round "6"]
[White "MacLeod, Scott"]
[Black "Oszvald, Joseph"]
[Result "0-1"]
[WhiteElo "1954"]
[BlackElo "2181"]
[PlyCount "94"]
[GameId "2160767911095594"]
[EventDate "2004.07.09"]
[EventType "swiss"]
[EventRounds "10"]
[EventCountry "CAN"]
[SourceTitle "CBM 101 ext"]
[Source "ChessBase"]
[SourceDate "2004.09.01"]
[SourceVersion "2"]
[SourceVersionDate "2004.09.23"]
[SourceQuality "1"]

1. e4 c5 2. Nf3 d6 3. Bb5+ Bd7 4. Bxd7+ Nxd7 5. O-O g6 6. c3 Bg7 7. d4 Qc7 8. Re1 a6 9. a4 e5 10. Nbd2 cxd4 11. cxd4 Ne7 12. Nf1 O-O 13. Bg5 Nc6 14. Ne3 exd4 15. Nd5 Qb8 16. b4 b5 17. a5 Nde5 18. Rc1 Nc4 19. Bf6 Qa7 20. Bxg7 Kxg7 21. Rc2 Rae8 22. Rce2 f6 23. Kh1 Rf7 24. h3 N4e5 25. Nd2 Nc4 26. Nf3 h5 27. Kh2 Rh8 28. Nh4 Re8 29. Nf3 N4e5 30. Nd2 Nd3 31. Rf1 Ndxb4 32. Nb3 Nxd5 33. exd5 Rxe2 34. Qxe2 Nb4 35. Rd1 Nxd5 36. Rxd4 Ne7 37. g3 Nf5 38. Rd5 Re7 39. Qd2 Re5 40. Rd3 d5 41. f4 Ne3 42. Kh1 Re4 43. Nd4 Qe7 44. f5 Nc4 45. Qf2 Re1+ 46. Kh2 Qe4 47. Rf3 Ne5 0-1

[Event "Western Canadian op"]
[Site "Richmond CAN"]
[Date "2004.07.14"]
[Round "6"]
[White "Sutherland, Daniel"]
[Black "Jose, Marionito"]
[Result "0-1"]
[WhiteElo "1457"]
[BlackElo "1647"]
[PlyCount "96"]
[GameId "2160767911095595"]
[EventDate "2004.07.09"]
[EventType "swiss"]
[EventRounds "10"]
[EventCountry "CAN"]
[SourceTitle "CBM 101 ext"]
[Source "ChessBase"]
[SourceDate "2004.09.01"]
[SourceVersion "2"]
[SourceVersionDate "2004.09.23"]
[SourceQuality "1"]

1. e4 c5 2. Nf3 e6 3. d4 cxd4 4. Nxd4 Qb6 5. b3 Bc5 6. c3 Nc6 7. Be3 Nf6 8. Nd2 d5 9. exd5 exd5 10. N2f3 O-O 11. Bd3 Re8 12. h3 Nxd4 13. Nxd4 Ne4 14. Bc2 Nxc3 15. Qd3 Ne4 16. O-O Qg6 17. Kh1 Bd7 18. Nf3 Bxe3 19. Qxe3 Ng3+ 20. fxg3 Rxe3 21. Bxg6 hxg6 22. Rad1 Bc6 23. Nd4 Rxg3 24. b4 a6 25. Rd2 Re3 26. Rc1 Rae8 27. Kh2 Re1 28. Rc5 Rc8 29. a4 Bd7 30. Rxd5 Bxa4 31. Nf3 Ree8 32. Ra5 Bb5 33. Rd6 Red8 34. Rb6 Rc7 35. Ng5 Re7 36. Ra3 f6 37. Ne6 Rd2 38. Nc5 Bc6 39. Rg3 Kf7 40. Nb3 Rd6 41. Nc5 Rd1 42. Nxa6 Ree1 43. Rc3 Rh1+ 44. Kg3 Rd2 45. Kf4 Rxg2 46. Nc5 g5+ 47. Ke3 Rxh3+ 48. Kd4 Rg4+ 0-1

[Event "Western Canadian op"]
[Site "Richmond CAN"]
[Date "2004.07.14"]
[Round "6"]
[White "Welling, Gerard"]
[Black "Bellon Lopez, Juan Manuel"]
[Result "0-1"]
[WhiteElo "2361"]
[BlackElo "2416"]
[PlyCount "172"]
[GameId "2160767911095597"]
[EventDate "2004.07.09"]
[EventType "swiss"]
[EventRounds "10"]
[EventCountry "CAN"]
[SourceTitle "CBM 101 Extra"]
[Source "ChessBase"]
[SourceDate "2004.09.01"]
[SourceVersion "2"]
[SourceVersionDate "2004.09.01"]
[SourceQuality "1"]

1. Nf3 g6 2. g3 Bg7 3. Bg2 e5 4. d3 Ne7 5. O-O O-O 6. e4 d6 7. c3 Nbc6 8. b4 Qe8 9. Nbd2 h6 10. Bb2 f5 11. Qb3+ Qf7 12. Qxf7+ Rxf7 13. a4 fxe4 14. dxe4 Bg4 15. h3 Be6 16. Rfe1 Raf8 17. Re2 a5 18. b5 Nb8 19. Ne1 Nd7 20. Ba3 Nc8 21. Nd3 Ncb6 22. Nb2 h5 23. c4 Bh6 24. Rc1 h4 25. Rc3 hxg3 26. fxg3 Nc8 27. Nf1 b6 28. Nd3 Nc5 29. Nb2 Bd7 30. Bxc5 bxc5 31. Ne3 Bxe3+ 32. Rcxe3 Nb6 33. Rc3 Be6 34. Rcc2 g5 35. Re1 Rh7 36. g4 Rhf7 37. Ree2 Rf4 38. Re3 Kg7 39. Ree2 Bg8 40. Re3 R4f6 41. Ree2 R8f7 42. Red2 Kf8 43. Rd3 Rf4 44. Re3 Ke7 45. Rd3 Bh7 46. Re2 Kd8 47. Rc3 R4f6 48. Rd3 Bg8 49. Rc3 Rf8 50. Rd2 c6 51. Rdc2 Kc7 52. Rd2 Rf4 53. Rdc2 Ra8 54. Rd2 cxb5 55. cxb5 Rf6 56. Kh2 Raf8 57. Kg3 Be6 58. Rdc2 Kd7 59. Rd2 Ke7 60. Rdc2 Rc8 61. Rd2 c4 62. Rdc2 Rf4 63. Rd2 Bg8 64. Rdc2 d5 65. exd5 Kd6 66. Rc1 Bxd5 67. Bxd5 Kxd5 68. Nd1 Rd4 69. Ne3+ Ke4 70. Nf5 Rd3+ 71. Kg2 Rc7 72. R3c2 Kd5 73. Ng3 Nxa4 74. Ra1 Nb6 75. Rxa5 c3 76. Ra6 Rd2+ 77. Rxd2+ cxd2 78. Nf1 Rc2 79. Ne3+ Kc5 80. Kf1 Kxb5 81. Ke2 Kxa6 82. Nxc2 Nc4 83. Nb4+ Kb5 84. Nd5 Kc5 85. Nf6 Kd4 86. h4 e4 0-1

[Event "Western Canadian op"]
[Site "Richmond CAN"]
[Date "2004.07.14"]
[Round "6.2"]
[White "Cramling, Pia"]
[Black "Kraidman, Yair"]
[Result "1-0"]
[WhiteElo "2485"]
[BlackElo "2320"]
[PlyCount "77"]
[GameId "2160767911095598"]
[EventDate "2004.07.09"]
[EventType "swiss"]
[EventRounds "10"]
[EventCountry "CAN"]

1. d4 d5 2. c4 c6 3. Nf3 Nf6 4. Nc3 Bf5 5. cxd5 Nxd5 6. e3 e6 7. Bc4 Nd7 8. O-O Bg6 9. Re1 Be7 10. e4 Nxc3 11. bxc3 O-O 12. Bf4 Nb6 13. Bf1 c5 14. Rb1 cxd4 15. cxd4 Bh5 16. Be2 Rc8 17. a4 Bxf3 18. Bxf3 Rc4 19. Be3 Bb4 20. Re2 Qd7 21. Ra2 a5 22. d5 Nc8 23. e5 Ne7 24. dxe6 Qxe6 25. Re2 Qc8 26. Bg5 Rd8 27. Qf1 Qc7 28. g3 h6 29. Bxe7 Qxe7 30. Qh3 b6 31. e6 f6 32. Be4 Rc5 33. Bg6 Rcd5 34. Bc2 Rf8 35. Bf5 Re5 36. Qg4 Qe8 37. Rd1 h5 38. Qf3 g6 39. Bc2 1-0

[Event "Western Canadian op"]
[Site "Richmond CAN"]
[Date "2004.07.14"]
[Round "6.3"]
[White "Fuentebella, Mayo"]
[Black "Koons, Nathaniel"]
[Result "0-1"]
[WhiteElo "2348"]
[BlackElo "2244"]
[PlyCount "52"]
[GameId "2160767911095599"]
[EventDate "2004.07.09"]
[EventType "swiss"]
[EventRounds "10"]
[EventCountry "CAN"]

1. c4 e6 2. Nc3 d5 3. d4 dxc4 4. e3 Nf6 5. Bxc4 a6 6. a4 c5 7. d5 exd5 8. Nxd5 Nc6 9. Nf3 Bg4 10. h3 Bh5 11. b3 Be7 12. Bb2 Nxd5 13. Qxd5 Qa5+ 14. Kf1 Bg6 15. Ne5 O-O 16. Nxg6 hxg6 17. Qd3 Kh7 18. h4 Rad8 19. Qb1 f5 20. g4 fxg4 21. h5 Rxf2+ 22. Kxf2 Qd2+ 23. Kg3 Bd6+ 24. Kh4 Qf2+ 25. Kg5 Qxe3+ 26. Kh4 Qg3+ 0-1

[Event "Western Canadian op"]
[Site "Richmond CAN"]
[Date "2004.07.14"]
[Round "6.4"]
[White "Lee, Vicente jr."]
[Black "Van den Bersselaar, Jeroen"]
[Result "1-0"]
[WhiteElo "2326"]
[BlackElo "2189"]
[PlyCount "83"]
[GameId "2160767911095600"]
[EventDate "2004.07.09"]
[EventType "swiss"]
[EventRounds "10"]
[EventCountry "CAN"]

1. c4 c6 2. d4 d5 3. Nc3 dxc4 4. e4 b5 5. a4 b4 6. Na2 Nf6 7. e5 Nd5 8. Bxc4 e6 9. Nf3 Bb7 10. Bg5 Be7 11. Qd2 a5 12. Nc1 h6 13. Bxe7 Qxe7 14. Nb3 Nd7 15. O-O O-O 16. Rfc1 c5 17. dxc5 Rfc8 18. Qd4 Nb8 19. Bd3 Qd7 20. Qe4 Nf6 21. Qe2 Nd5 22. Be4 Bc6 23. Nbd4 Bxa4 24. Bxd5 exd5 25. e6 fxe6 26. Rxa4 e5 27. c6 Nxc6 28. Nxc6 Rxc6 29. Rd1 Rc5 30. Raa1 e4 31. Nd4 a4 32. h3 a3 33. Qd2 Qb7 34. bxa3 Rxa3 35. Rab1 Rd3 36. Qf4 Rxd1+ 37. Rxd1 b3 38. Qd6 Rc8 39. Nxb3 Qxb3 40. Qe6+ Kh7 41. Qf5+ g6 42. Qd7+ 1-0

[Event "Western Canadian op"]
[Site "Richmond CAN"]
[Date "2004.07.14"]
[Round "6.5"]
[White "Harper, Bruce"]
[Black "Spears, Nicholas"]
[Result "1-0"]
[WhiteElo "2326"]
[BlackElo "2186"]
[PlyCount "71"]
[GameId "2160767911095601"]
[EventDate "2004.07.09"]
[EventType "swiss"]
[EventRounds "10"]
[EventCountry "CAN"]

1. b3 d5 2. Bb2 Nf6 3. e3 c5 4. Nf3 Nc6 5. Bb5 Bd7 6. O-O e6 7. Bxc6 Bxc6 8. Ne5 Qc7 9. d3 Bd6 10. f4 O-O-O 11. Nd2 Ne8 12. Qh5 f6 13. Nxc6 Qxc6 14. e4 Bc7 15. e5 Rd7 16. Qe2 Rg8 17. Nf3 d4 18. Kh1 Qd5 19. Rae1 Ba5 20. Rc1 g5 21. exf6 Nxf6 22. Nxg5 h6 23. Ne4 Ng4 24. Rf3 Bd8 25. c3 Rc7 26. cxd4 cxd4 27. Rxc7+ Bxc7 28. h3 Ne3 29. Nf6 Rxg2 30. Qxg2 Qf5 31. Qg8+ Bd8 32. Ne4 Kc7 33. Bxd4 Nc2 34. Be5+ Kd7 35. Nd6 Qh5 36. Qf7+ 1-0

[Event "Western Canadian op"]
[Site "Richmond CAN"]
[Date "2004.07.14"]
[Round "6.7"]
[White "Metz, Hartmut"]
[Black "Davies, Lucas"]
[Result "0-1"]
[WhiteElo "2290"]
[BlackElo "2130"]
[PlyCount "84"]
[GameId "2160767911095603"]
[EventDate "2004.07.09"]
[EventType "swiss"]
[EventRounds "10"]
[EventCountry "CAN"]

1. e4 c6 2. c4 d5 3. exd5 cxd5 4. cxd5 Nf6 5. Nc3 Nxd5 6. Nf3 Nc6 7. Bc4 e6 8. O-O Be7 9. d4 Nxc3 10. bxc3 O-O 11. Qe2 Qc7 12. Bd3 b6 13. Qe4 g6 14. Bf4 Bd6 15. Bxd6 Qxd6 16. Qh4 Bb7 17. Ng5 h5 18. Rfe1 Ne7 19. Re3 Nf5 20. Bxf5 exf5 21. Rae1 Qc6 22. Nf3 Rae8 23. Re7 Rxe7 24. Qxe7 Ba8 25. Qb4 Rc8 26. h3 Kg7 27. Rc1 Qe6 28. Ne5 f6 29. Nd3 Qe4 30. Ne1 Bd5 31. Nf3 Qf4 32. Qe7+ Kh6 33. Re1 Bxf3 34. gxf3 Qxf3 35. Re3 Qc6 36. Qxa7 f4 37. Rd3 Re8 38. d5 Re1+ 39. Kh2 Qc4 40. Qf7 Qxd3 41. Qxf6 Qxd5 42. Qf8+ Kh7 0-1

[Event "Western Canadian op"]
[Site "Richmond CAN"]
[Date "2004.07.14"]
[Round "6.8"]
[White "North, Robert"]
[Black "Bouvier, Jesse"]
[Result "1/2-1/2"]
[WhiteElo "2115"]
[BlackElo "2196"]
[PlyCount "79"]
[GameId "2160767911095604"]
[EventDate "2004.07.09"]
[EventType "swiss"]
[EventRounds "10"]
[EventCountry "CAN"]

1. Nf3 Nc6 2. c4 e5 3. d3 Nf6 4. g3 d5 5. cxd5 Nxd5 6. Bg2 Nb6 7. O-O Be7 8. Nbd2 O-O 9. a3 Re8 10. b4 Bf8 11. Bb2 f6 12. Rc1 Rb8 13. Ne4 Bg4 14. Re1 Qd7 15. Nc5 Bxc5 16. Rxc5 Ne7 17. Qc2 c6 18. Nd2 Ng6 19. a4 Qe6 20. a5 Nd7 21. Rc4 a6 22. h4 Ngf8 23. Kh2 Rbd8 24. Ne4 h6 25. Nc5 Nxc5 26. bxc5 Qc8 27. Rb4 Be6 28. d4 exd4 29. Bxd4 Qc7 30. Ra1 Re7 31. e4 Ng6 32. Be3 Ne5 33. Bf4 g5 34. hxg5 hxg5 35. Bxe5 fxe5 36. Qc1 Rh7+ 37. Kg1 Qg7 38. Rxb7 Qf6 39. Rxh7 Kxh7 40. Rb1 1/2-1/2

[Event "Western Canadian op"]
[Site "Richmond CAN"]
[Date "2004.07.14"]
[Round "6.9"]
[White "Haukenfrers, Dale"]
[Black "Lee, Mau Seng"]
[Result "1-0"]
[WhiteElo "2160"]
[BlackElo "1949"]
[PlyCount "45"]
[GameId "2160767911095605"]
[EventDate "2004.07.09"]
[EventType "swiss"]
[EventRounds "10"]
[EventCountry "CAN"]

1. c3 d5 2. d3 e5 3. Nf3 Bd6 4. e4 Nf6 5. Bg5 c6 6. Nbd2 Be6 7. Qc2 Nbd7 8. d4 Qc7 9. dxe5 Nxe5 10. Nd4 h6 11. Bxf6 gxf6 12. exd5 cxd5 13. Bb5+ Ke7 14. O-O-O a6 15. Be2 Rac8 16. Rhe1 Ng6 17. Nxe6 fxe6 18. Qxg6 Rhg8 19. Qd3 Rxg2 20. Bf3 Rxf2 21. Qe3 Rxh2 22. Qxe6+ Kd8 23. Qxf6+ 1-0

[Event "Western Canadian op"]
[Site "Richmond CAN"]
[Date "2004.07.14"]
[Round "6.10"]
[White "Kazmaier, Daniel"]
[Black "Henson, Joshua"]
[Result "0-1"]
[WhiteElo "1974"]
[BlackElo "2207"]
[PlyCount "114"]
[GameId "2160767911095606"]
[EventDate "2004.07.09"]
[EventType "swiss"]
[EventRounds "10"]
[EventCountry "CAN"]

1. e4 d5 2. exd5 Nf6 3. Nf3 Bg4 4. d4 Qxd5 5. Be2 Nc6 6. O-O O-O-O 7. Be3 e6 8. Nbd2 Qf5 9. Bd3 Qh5 10. h3 Bf5 11. Be2 Nd5 12. Re1 Nxe3 13. fxe3 Qh6 14. Bb5 Nb8 15. c4 g5 16. e4 Bg6 17. Qe2 Be7 18. c5 c6 19. Bc4 g4 20. hxg4 Qf4 21. Qe3 Qxe3+ 22. Rxe3 e5 23. Nb3 exd4 24. Nfxd4 Bxc5 25. Rd1 Bb6 26. Be2 Rhe8 27. Bf3 Nd7 28. Kf1 Ne5 29. a4 Nc4 30. Re2 c5 31. Rc1 cxd4 32. Rxc4+ Kb8 33. a5 d3 34. Re1 Bc7 35. Rd1 Be5 36. Rd2 f6 37. Nc1 Bf4 38. Rd1 Bxc1 39. Rdxc1 Bf7 40. R4c3 Re5 41. Rd1 Rxa5 42. Rd2 Rc8 43. Kf2 Rxc3 44. bxc3 Bc4 45. Ke3 Re5 46. Kd4 b5 47. Bd1 Kc7 48. Rb2 Re6 49. g5 Rd6+ 50. Ke3 fxg5 51. e5 Rd5 52. Ke4 d2 53. Kf5 a5 54. Kf6 a4 55. Rb1 Rd7 56. e6 Rd6 57. Bg4 Bxe6 0-1

[Event "Western Canadian op"]
[Site "Richmond CAN"]
[Date "2004.07.14"]
[Round "6.11"]
[White "Yoos, John"]
[Black "Mandic, Slaven"]
[Result "1-0"]
[WhiteElo "2449"]
[BlackElo "1979"]
[PlyCount "41"]
[GameId "2160767911095607"]
[EventDate "2004.07.09"]
[EventType "swiss"]
[EventRounds "10"]
[EventCountry "CAN"]

1. e4 g6 2. d4 Bg7 3. Nf3 d6 4. Nc3 a6 5. Be3 b5 6. Bd3 Bb7 7. a4 b4 8. Ne2 a5 9. Ng3 Nd7 10. Qd2 Rc8 11. O-O Ngf6 12. Bh6 O-O 13. Bxg7 Kxg7 14. e5 Nd5 15. Nh5+ gxh5 16. Qg5+ Kh8 17. Qh6 N5f6 18. exf6 Nxf6 19. Ng5 Bxg2 20. Nxh7 Ng8 21. Qxh5 1-0

[Event "Western Canadian op"]
[Site "Richmond CAN"]
[Date "2004.07.14"]
[Round "6.12"]
[White "Meng, Fanhao"]
[Black "Kyriakides, Savvas"]
[Result "1-0"]
[WhiteElo "2284"]
[BlackElo "1946"]
[PlyCount "125"]
[GameId "2160767911095608"]
[EventDate "2004.07.09"]
[EventType "swiss"]
[EventRounds "10"]
[EventCountry "CAN"]

1. e4 c5 2. c3 Nf6 3. d3 Nc6 4. f4 d6 5. Nf3 Bg4 6. h3 Bxf3 7. Qxf3 e6 8. Be2 Be7 9. O-O O-O 10. Be3 Rc8 11. Nd2 Ne8 12. g4 d5 13. Rfd1 d4 14. Bf2 Bh4 15. Nb3 b6 16. cxd4 Bxf2+ 17. Qxf2 Nxd4 18. Nxd4 Qxd4 19. Qxd4 cxd4 20. Rac1 Nf6 21. Bf3 e5 22. g5 Nd7 23. Rxc8 Rxc8 24. Bg4 Rc7 25. Bxd7 Rxd7 26. Rc1 f6 27. gxf6 gxf6 28. f5 Kg7 29. Rc6 Rf7 30. Kf2 Kh6 31. Kg3 Kh5 32. a4 Rg7+ 33. Kh2 Rf7 34. b4 Kg5 35. Kg3 Kh6 36. Kh4 Kg7 37. Kh5 Rb7 38. h4 Rf7 39. a5 bxa5 40. bxa5 Rb7 41. a6 Rd7 42. Rc8 Re7 43. Rb8 Rc7 44. Rb7 Rf7 45. Kg4 Kf8 46. h5 Ke8 47. Kf3 Rd7 48. h6 Kd8 49. Rb8+ Ke7 50. Ke2 Rd6 51. Rb7+ Rd7 52. Kd2 Kd6 53. Rb8 Rc7 54. Rf8 Ke7 55. Rg8 Rd7 56. Kc2 Kd6 57. Rg7 Rc7+ 58. Kb3 Rd7 59. Kc4 Rc7+ 60. Rxc7 Kxc7 61. Kc5 Kd7 62. Kd5 Ke7 63. Kc6 1-0

[Event "Western Canadian op"]
[Site "Richmond CAN"]
[Date "2004.07.14"]
[Round "6.14"]
[White "Steininger, Gavin"]
[Black "Pechisker, Alfred"]
[Result "0-1"]
[WhiteElo "1955"]
[BlackElo "2144"]
[PlyCount "102"]
[GameId "2160767911095609"]
[EventDate "2004.07.09"]
[EventType "swiss"]
[EventRounds "10"]
[EventCountry "CAN"]

1. e4 c5 2. Nf3 d6 3. d4 cxd4 4. Nxd4 Nf6 5. Nc3 a6 6. Be3 e6 7. f3 Be7 8. g4 Nfd7 9. Qd2 Nc6 10. O-O-O Qc7 11. h4 Nde5 12. Be2 b5 13. b3 Bb7 14. f4 Nd7 15. Bf3 Rc8 16. Ndxb5 axb5 17. Nxb5 Qb8 18. Nxd6+ Bxd6 19. Qxd6 Qxd6 20. Rxd6 Nb4 21. c4 Ke7 22. Rhd1 Rhd8 23. a3 Na6 24. Kb2 Nac5 25. b4 Bxe4 26. Bxe4 Nxe4 27. R6d4 Nb8 28. b5 Rxd4 29. Rxd4 Nd6 30. Kb3 Nd7 31. a4 e5 32. fxe5 Nxe5 33. Bf4 Nexc4 34. Bxd6+ Nxd6 35. Kb4 Rc1 36. Ka5 Kd7 37. Kb6 Rb1 38. Rd5 Rb4 39. a5 Rxg4 40. a6 f5 41. a7 Ra4 42. Kc5 Rc4+ 43. Kb6 Rc8 44. Rc5 f4 45. Rc7+ Rxc7 46. a8=Q Nc8+ 47. Ka6 Ra7+ 48. Qxa7+ Nxa7 49. Kxa7 f3 50. b6 f2 51. b7 f1=Q 0-1

[Event "Western Canadian op"]
[Site "Richmond CAN"]
[Date "2004.07.14"]
[Round "6.15"]
[White "Tegzes, Laszlo"]
[Black "Lister, Curtis"]
[Result "1/2-1/2"]
[WhiteElo "2118"]
[BlackElo "1964"]
[PlyCount "57"]
[GameId "2160767911095610"]
[EventDate "2004.07.09"]
[EventType "swiss"]
[EventRounds "10"]
[EventCountry "CAN"]

1. e4 e5 2. Nf3 Nc6 3. Bc4 Bc5 4. O-O Nf6 5. d3 d6 6. c3 O-O 7. Bg5 h6 8. Bh4 Bg4 9. Nbd2 g5 10. Bg3 Nh5 11. Kh1 Nxg3+ 12. fxg3 Kg7 13. Qe1 f5 14. h3 Bxf3 15. Nxf3 f4 16. Bd5 Ne7 17. d4 exd4 18. cxd4 c6 19. Bb3 Bb6 20. e5 d5 21. Bc2 Qd7 22. e6 Qd6 23. g4 Rf6 24. Qd2 Rxe6 25. Rae1 Rf6 26. Qd3 Rh8 27. Qe2 Re8 28. Qd3 Rh8 29. Qe2 1/2-1/2

[Event "Western Canadian op"]
[Site "Richmond CAN"]
[Date "2004.07.14"]
[Round "6.16"]
[White "Aird, Ian"]
[Black "Palmer, Jordan"]
[Result "0-1"]
[WhiteElo "2051"]
[BlackElo "1915"]
[PlyCount "44"]
[GameId "2160767911095611"]
[EventDate "2004.07.09"]
[EventType "swiss"]
[EventRounds "10"]
[EventCountry "CAN"]

1. e4 c5 2. Nf3 Nc6 3. Nc3 g6 4. Bb5 Bg7 5. O-O Nf6 6. Re1 O-O 7. h3 d6 8. e5 Nd7 9. e6 fxe6 10. Ng5 Nde5 11. d3 Nd4 12. f4 Nec6 13. a4 Nb4 14. Rb1 Nbxc2 15. Rf1 d5 16. a5 Nxb5 17. Nxb5 Nd4 18. Nxd4 Bxd4+ 19. Kh1 e5 20. fxe5 Bxe5 21. Qe2 Bf6 22. Bf4 e5 0-1

[Event "Western Canadian op"]
[Site "Richmond CAN"]
[Date "2004.07.14"]
[Round "6.17"]
[White "Davies, Noam"]
[Black "Lee, John"]
[Result "0-1"]
[WhiteElo "1898"]
[BlackElo "2038"]
[PlyCount "78"]
[GameId "2160767911095612"]
[EventDate "2004.07.09"]
[EventType "swiss"]
[EventRounds "10"]
[EventCountry "CAN"]

1. e4 e6 2. d4 d5 3. Nd2 Nf6 4. e5 Nfd7 5. Bd3 c5 6. c3 Nc6 7. Ne2 Qb6 8. Nf3 g6 9. O-O Bg7 10. Rb1 O-O 11. Bg5 f6 12. exf6 Nxf6 13. Qd2 cxd4 14. Nfxd4 e5 15. Nxc6 bxc6 16. Be3 Qc7 17. f4 e4 18. Bc2 Ng4 19. Bc5 Rf7 20. Bb3 Ba6 21. Rbe1 Qa5 22. Bd4 Bxd4+ 23. Qxd4 Qb6 24. Qxb6 axb6 25. h3 Ne3 26. Rf2 Nc4 27. Nd4 Rf6 28. g3 Kh8 29. Bxc4 Bxc4 30. b3 Bd3 31. Rd2 c5 32. Ne2 b5 33. Nc1 c4 34. Nxd3 cxd3 35. Kf2 Rc6 36. Ke3 Rxc3 37. Kd4 Rc2 38. Rxc2 dxc2 39. Kxd5 Rd8+ 0-1